000 00585nam a2200229Ia 4500
003 OSt
005 20220924123337.0
006 a|||||r|||| 00| 0
007 ta
008 220923b |||||||| |||| 00| 0 fre d
024 _a118049
037 _cTextual
040 _aARTS
_cARTS
_bfre
041 _2fre
_afre
082 _aV65211:1:N7, 122K8
100 _aDebre Francois
_9192489
245 0 _aBiafra an II
260 _aNA
_bNA
_c1968
650 _aHISTORY
942 _hV65211:1:N7, 122K8
_cTEXL
_2CC
999 _c415359
_d415359